Report on trend and progress of banking in India, 1993-94, (July-June) (Record no. 1259185)
[ view plain ]
| 000 -LEADER | |
|---|---|
| fixed length control field | 00540nam a2200181Ia 4500 |
| 005 - DATE AND TIME OF LATEST TRANSACTION | |
| control field | 20250317125354.0 |
| 008 - FIXED-LENGTH DATA ELEMENTS--GENERAL INFORMATION | |
| fixed length control field | 008 250317s9999 xx 000 0 eng d |
| 040 ## - CATALOGING SOURCE | |
| Original cataloging agency | FMSL |
| Language of cataloging | eng |
| Transcribing agency | FMSL |
| 041 ## - LANGUAGE CODE | |
| Language code of text/sound track or separate title | eng |
| Source of code | eng |
| 084 ## - COLON CLASSIFICATION NUMBER | |
| Classification number | X621`N94.44x N5 |
| Assigning agency | FMSL |
| 100 ## - MAIN ENTRY--PERSONAL NAME | |
| Personal name | R B I |
| 245 #0 - TITLE STATEMENT | |
| Title | Report on trend and progress of banking in India, 1993-94, (July-June) |
| 260 ## - PUBLICATION, DISTRIBUTION, ETC. | |
| Place of publication, distribution, etc. | New Delhi |
| Name of publisher, distributor, etc. | New Delhi, R.B.I |
| Date of publication, distribution, etc. | 1995 |
| 300 ## - PHYSICAL DESCRIPTION | |
| Extent | 198p |
| 942 ## - ADDED ENTRY ELEMENTS (KOHA) | |
| Koha item type | Textbook |
| Classification part | X621`N94.44x N5 |
No items available.
